000
00234nam a2200097Ia 4500
001
690932
005
20250826161825.0
008
250824s9999 xx 000 0 und d
245
0
_a
TEK VE TENHA
_c
DURSUN ÇİÇEK
260
_b
MUHİT KİTAP
999
_c
690932
_d
690932